| 000 | 00794nam a2200193Ia 4500 | ||
|---|---|---|---|
| 008 | 151121s9999||||xx |||||||||||||| ||und|| | ||
| 082 | _a814/खाडिल | ||
| 082 | _bHNW-79245 | ||
| 100 | _aखाडीलकर उषा | ||
| 245 | _aस्त्री-मुक्ती:एक कुतुहल आणखीन् काही | ||
| 260 | _b"वसंत बुक स्टॉल, मुंबई।" | ||
| 260 | _c-- | ||
| 300 | _a120 | ||
| 600 | _aखाडीलकर उषा | ||
| 630 | _aस्त्री-मुक्ती:एक कुतुहल आणखीन् काही | ||
| 700 | _aखाडीलकर उषा | ||
| 730 | _aस्त्री-मुक्ती:एक कुतुहल आणखीन् काही | ||
| 942 | _cBOOK | ||
| 999 |
_c1260630 _d1260627 |
||